| 000 | 00746nam a2200289Ia 4500 | ||
|---|---|---|---|
| 001 | 5613 | ||
| 003 | IT-RoPAU | ||
| 008 | 130308s9999 xx 000 0 und d | ||
| 040 | _aIT-RoPAU | ||
| 040 | _cIT-RoPAU | ||
| 041 | _aITALIANO | ||
| 100 | _aMarx Karl | ||
| 100 | _gCodice Aut. SPICS: 4072 | ||
| 245 | _aProduzione economica e processo sociale | ||
| 245 | _bEstetica della simulazione (L') | ||
| 250 | _a1a ed. | ||
| 260 | _aTORINO | ||
| 260 | _bParavia | ||
| 260 | _c1976 [1° Ed.:1976 - Ed.Ling.Originale:1957] | ||
| 300 | _a"4 p. (prefazione: no ; testo: 4 [pagine: 68-71])" | ||
| 650 | _aLINGUAGGIO TELEVISIVO | ||
| 650 | _eCodice materia Spics: 6954 | ||
| 942 | _cBK | ||
| 957 | _71 | ||
| 999 |
_c57124 _d57124 |
||
| 999 | _bSI | ||
| 999 | _g1 | ||